| 000 -LEADER |
| fixed length control field |
00601cam a2200193 i 4500 |
| 003 - CONTROL NUMBER IDENTIFIER |
| control field |
OSt |
| 005 - DATE AND TIME OF LATEST TRANSACTION |
| control field |
20240612180153.0 |
| 008 - FIXED-LENGTH DATA ELEMENTS--GENERAL INFORMATION |
| fixed length control field |
121217s2013 mau 001 0 eng |
| 010 ## - LIBRARY OF CONGRESS CONTROL NUMBER |
| LC control number |
2012050065 |
| 020 ## - INTERNATIONAL STANDARD BOOK NUMBER |
| International Standard Book Number |
9789004312470 (alk. paper) |
| 040 ## - CATALOGING SOURCE |
| Original cataloging agency |
DLC |
| Language of cataloging |
eng |
| Transcribing agency |
DLC |
| Description conventions |
rda |
| Modifying agency |
DLC |
| 082 00 - DEWEY DECIMAL CLASSIFICATION NUMBER |
| Classification number |
200.917 |
| Edition number |
23 |
| Item number |
BEC |
| 245 00 - TITLE STATEMENT |
| Title |
Topographies of faith : |
| Remainder of title |
religion in urban spaces / |
| Statement of responsibility, etc |
edited by Irene Becci, Marian Burchardt, José Casanova. |
| 300 ## - PHYSICAL DESCRIPTION |
| Extent |
viii, 227 pages ; |
| Dimensions |
25 cm. |
| 500 ## - GENERAL NOTE |
| General note |
Includes index. |
| 650 #0 - SUBJECT ADDED ENTRY--TOPICAL TERM |
| Topical term or geographic name as entry element |
Cities and towns |
| General subdivision |
Religious aspects. |
| 700 1# - ADDED ENTRY--PERSONAL NAME |
| Personal name |
Becci, Irene. |
| 942 ## - ADDED ENTRY ELEMENTS (KOHA) |
| Source of classification or shelving scheme |
|